00748nam a2200181 a 4500001001000000003000400010005001700014008004100031040002500072082001600097110011400113240001600227245009100243246008800334260010500422300002000527650001900547000016155OSt20250710112511.0100226s1961 dr 001 0 spa d aDO-SdBNPbspacBNPHU axxxxbR426i1 aRepública DominicanabSecretaría de Estado de FinanzasbDirección General del Impuesto Sobre Beneficios13aLeyes, etc.10aImpuesto sobre sucesiones y donaciones :bley no. 2569- modificada y jurisprudencia /.14aImpuesto sobre sucesiones y donaciones :bley no. 2569- modificada y jurisprudencia aCiudad Trujillo, República Dominicana :bDirección General del Impuesto Sobre Beneficios,c1961. a43 p. ;c20 cm. 0aJurisprudencia